Statistics for The First 50 Digits of PI

Click here to take the quiz!

General Stats

  • This quiz has been taken 378 times
  • The average score is 39 of 50

Answer Stats

Answer% Correct
3
100%
1
99%
1
99%
4
99%
5
99%
9
99%
2
98%
6
97%
5
96%
3
94%
5
92%
8
92%
9
92%
7
91%
9
90%
2
88%
3
88%
3
87%
8
87%
4
86%
6
86%
2
84%
6
84%
3
83%
3
83%
4
83%
8
83%
3
81%
2
80%
7
79%
5
78%
9
78%
2
68%
8
63%
4
62%
8
62%
1
60%
1
60%
7
60%
9
60%
0
58%
1
58%
3
58%
3
58%
5
58%
6
58%
7
58%
9
58%
9
58%
9
58%

Score Distribution

Percentile by Number Answered

Percent of People with Each Score

Your Score History

You have not taken this quiz